Представление документа в формате MARC21

Поле Инд. ПП Название Значение
Тип записи a
Библиографический уровень s
001 Контрольный номер RU/IS/BASE/419000693
005 Дата корректировки 20260126080020.8
008 Кодируемые данные 20130411
022 0_ a ISSN 2076-7404
084 a Индекс другой классификации/Индекс ББК 66.4
090 a Полочн. индекс Сводное описание журнала
245 10 a Заглавие Вестник Московского университета. Серия 25, Международные отношения и мировая политика
b Продолж. заглавия научный журнал
c Ответственность учредитель: МГУ им. М. В. Ломоносова; гл. ред А. А. Кокошин
260 b Издательство Издательство Московского университета
a Место издания Москва
300 a Объем 200 с.
310 a Периодичность в н.в. 1 раз в 3 месяца
362 1_ a Даты публикации или номер тома 2009 -
500 a Примечание Журнал,основан в 2009 году
520 0_ a Аннотация Журнал является научным рецензируемым изданием, посвященным проблемам международных отношений и мировой политики. Его выпуск координируется факультетом мировой политики МГУ имени М.В. Ломоносова. В журнале публикуются экспертные комментарии непосредственных участников мирополитического процесса, оригинальные учебно-методические разработки, рецензии на новейшие исследования по проблемам международных отношений и мировой политики
540 a Правовые условия Бесплатный доступ с регистрацией
b Поставщик/Провайдер eLIBRARY
540 a Правовые условия Открытый доступ
b Поставщик/Провайдер Факультет Мировой Политики МГУ
c Источник права лицензия Creative Commons
650 14 a Основная рубрика международные отношения; политика; дипломатия
653 0_ a Ключевые слова мировая политика
856 40 u URL https://elibrary.ru/contents.asp?id=34536874
y Справочный текст Электронная версия
a Имя сервера/домена Научная электронная библиотека eLIBRARY.RU
d Путь http://elibrary.ru
i Указания/сценарий входа Доступ после регистрации на компьютерах университета
z Примечание для пользователя Архив с 2009 г. по настоящее время
856 40 a Имя сервера/домена Факультет Мировой Политики МГУ
d Путь https://fmp.msu.ru/nayka/vestnik-moskovskogo-universiteta
u URL https://fmp.msu.ru/nayka/vestnik-moskovskogo-universiteta/arkhiv-nomerov
y Справочный текст Электронная версия
z Примечание для пользователя Архив с 2009 г. по настоящее время
i Указания/сценарий входа Открытый доступ
900 a Имя электронного ресурса obl_vestnik_MGU_Mirovaya_politika
x Справочная информация Обложка
901 t Тип документа u
952 a Тип литературы для КСУ ВШ НЖ
991 s 2